[Event "Leon op 2nd"]
[Site "Leon"]
[Date "2010.01.02"]
[Round "3"]
[White "Gurevich, Mikhail"]
[Black "Santos Santos, Pablo"]
[Result "1-0"]
[WhiteElo "2597"]
[BlackElo "2326"]
[PlyCount "109"]
[EventDate "2010.01.01"]
[EventType "swiss (rapid)"]
[EventRounds "9"]
[EventCountry "ESP"]
[SourceTitle "CBM 134 Extra"]
[Source "ChessBase"]
[SourceDate "2010.03.03"]
[SourceVersion "1"]
[SourceVersionDate "2010.03.03"]
[SourceQuality "1"]

1. c4 c5 2. g3 g6 3. Bg2 Bg7 4. Nc3 Nc6 5. a3 d6 6. Rb1 a5 7. Nf3 e5 8. 0-0 Nge7 9. Ne1 Be6 10. d3 0-0 11. Nc2 d5 12. cxd5 Nxd5 13. Bd2 Rb8 14. b4 cxb4 15. Nxd5 Bxd5 16. Bxd5 Qxd5 17. axb4 axb4 18. Nxb4 Nxb4 19. Rxb4 b5 20. Qb3 Qxb3 21. Rxb3 Rfc8 22. Bc3 Rb7 23. Rfb1 f6 24. Bb4 Kf7 25. Kf1 Ke6 26. Ke1 Bh6 27. Kd1 f5 28. Ra3 Rd8 29. Ra6+ Kf7 30. Ke1 Bf8 31. Bc3 Bd6 32. Ba5 Rdd7 33. Bb6 b4 34. e4 Rb8 35. Rb3 Bf8 36. Ke2 Rbb7 37. Be3 Rdc7 38. Kd1 Rc3 39. Rxc3 bxc3 40. Ra7 Rxa7 41. Bxa7 Bb4 42. Bb6 Ke6 43. Kc2 Kd6 44. Kb3 Bc5 45. Bxc5+ Kxc5 46. Kxc3 fxe4 47. dxe4 g5 48. f3 h5 49. h4 gxh4 50. gxh4 Kb5 51. Kd3 Kc5 52. Ke3 Kd6 53. f4 exf4+ 54. Kxf4 Ke6 55. Kg5 1-0

[Event "ESP-chT1a Norte"]
[Site "Barcelona"]
[Date "2006.08.19"]
[Round "5.9"]
[White "Santos Santos, Pablo"]
[Black "Siebrecht, Sebastian"]
[Result "0-1"]
[WhiteElo "2325"]
[BlackElo "2414"]
[PlyCount "112"]
[EventDate "2006.08.16"]
[EventType "team"]
[EventRounds "6"]
[EventCountry "ESP"]
[SourceTitle "EXT 2007"]
[Source "ChessBase"]
[SourceDate "2006.11.23"]
[SourceVersion "1"]
[SourceVersionDate "2006.11.23"]
[SourceQuality "1"]

1. d4 g6 2. Nf3 Bg7 3. c4 d6 4. g3 Nf6 5. Bg2 0-0 6. 0-0 Nbd7 7. Nc3 e5 8. e4 a5 9. h3 c6 10. Be3 exd4 11. Nxd4 Re8 12. Re1 Nc5 13. Qc2 a4 14. Rab1 Qe7 15. b4 axb3 16. axb3 Nfxe4 17. Nxe4 Nxe4 18. Bxe4 Qxe4 19. Bd2 Qxe1+ 20. Rxe1 Rxe1+ 21. Bxe1 Bxd4 22. Bc3 Bf5 23. Qd2 Bxc3 24. Qxc3 Bxh3 25. Qb4 b5 26. cxb5 cxb5 27. Qxb5 Be6 28. b4 h5 29. Qd3 Ra1+ 30. Kg2 Bf5 31. Qd4 Rb1 32. f3 d5 33. Kf2 Rb3 34. Qc5 Rb2+ 35. Ke1 Rb1+ 36. Ke2 Rb2+ 37. Ke3 Rb3+ 38. Kf4 Kg7 39. g4 hxg4 40. fxg4 Bd3 41. Qd4+ Kh7 42. Kg5 Bc4 43. Qf4 d4 44. Qh2+ Kg7 45. Qd6 Rf3 46. Kh4 Be6 47. b5 d3 48. b6 d2 49. b7 f6 50. Qe7+ Bf7 51. g5 d1Q 52. gxf6+ Rxf6 53. b8Q Qh1+ 54. Kg4 Qh5+ 55. Kg3 Rf3+ 56. Kg2 Qh3+ 0-1

[Event "ESP-chT1a Norte"]
[Site "Barcelona"]
[Date "2006.08.18"]
[Round "4.8"]
[White "Gonzalez Diaz, Julio"]
[Black "Santos Santos, Pablo"]
[Result "1/2-1/2"]
[WhiteElo "2236"]
[BlackElo "2325"]
[PlyCount "46"]
[EventDate "2006.08.16"]
[EventType "team"]
[EventRounds "6"]
[EventCountry "ESP"]
[SourceTitle "EXT 2007"]
[Source "ChessBase"]
[SourceDate "2006.11.23"]
[SourceVersion "1"]
[SourceVersionDate "2006.11.23"]
[SourceQuality "1"]

1. c4 c5 2. g3 g6 3. Bg2 Nc6 4. Nc3 Bg7 5. Nf3 e5 6. d3 Nge7 7. 0-0 0-0 8. a3 d6 9. Rb1 a5 10. Nd5 Nxd5 11. cxd5 Ne7 12. Nd2 b5 13. a4 Bb7 14. e4 Ba6 15. axb5 Bxb5 16. Nc4 f5 17. f3 Nc8 18. Ra1 a4 19. Bd2 Nb6 20. Qc2 Nxc4 21. dxc4 Bd7 22. b3 axb3 23. Qxb3 Rb8 1/2-1/2

[Event "ESP-ch op 68th"]
[Site "Burgos"]
[Date "2003.11.01"]
[Round "9"]
[White "Santos Santos, Pablo"]
[Black "Garrido Dominguez, Jesus"]
[Result "1/2-1/2"]
[WhiteElo "2305"]
[BlackElo "2191"]
[PlyCount "21"]
[EventDate "2003.10.24"]
[EventType "swiss"]
[EventRounds "9"]
[EventCountry "ESP"]
[SourceTitle "EXT 2004"]
[Source "ChessBase"]
[SourceDate "2003.11.25"]
[SourceVersion "1"]
[SourceVersionDate "2003.11.25"]
[SourceQuality "1"]

1. d4 Nf6 2. Bg5 Ne4 3. Bf4 d5 4. e3 e6 5. Nd2 Nxd2 6. Qxd2 Bd6 7. Bxd6 cxd6 8. Nf3 Nd7 9. c4 0-0 10. Bd3 dxc4 11. Bxc4 1/2-1/2

[Event "ESP-ch op 68th"]
[Site "Burgos"]
[Date "2003.10.28"]
[Round "5"]
[White "Mellado Trivino, Juan"]
[Black "Santos Santos, Pablo"]
[Result "1/2-1/2"]
[WhiteElo "2430"]
[BlackElo "2305"]
[PlyCount "80"]
[EventDate "2003.10.24"]
[EventType "swiss"]
[EventRounds "9"]
[EventCountry "ESP"]
[SourceTitle "EXT 2004"]
[Source "ChessBase"]
[SourceDate "2003.11.25"]
[SourceVersion "1"]
[SourceVersionDate "2003.11.25"]
[SourceQuality "1"]

1. e4 e5 2. Nf3 Nf6 3. Nxe5 d6 4. Nf3 Nxe4 5. Nc3 Nxc3 6. dxc3 Be7 7. Qd4 0-0 8. Be3 Nd7 9. 0-0-0 Bf6 10. Qf4 Ne5 11. h3 Nxf3 12. Qxf3 Bg5 13. Bd3 Bxe3+ 14. Qxe3 Re8 15. Qd4 Bf5 16. Bxf5 Qg5+ 17. f4 Qxf5 18. Rhe1 Kf8 19. g4 Qc5 20. a4 Rxe1 21. Rxe1 Qxd4 22. cxd4 Re8 23. Rxe8+ Kxe8 24. d5 Ke7 25. Kd2 f5 26. Ke3 Kf6 27. a5 g6 28. Kf3 h5 29. gxh5 gxh5 30. Ke3 h4 31. Kd4 a6 32. b4 Ke7 33. c4 Kd7 34. c5 Kc8 35. Kc4 b5+ 36. axb6 cxb6 37. cxb6 Kb7 38. Kb3 Kxb6 39. Ka4 Kb7 40. Ka5 Ka7 1/2-1/2

[Event "Castilla y Leon 1st"]
[Site "Palencia"]
[Date "2003.09.20"]
[Round "8.4"]
[White "Santos Santos, Pablo"]
[Black "Guerra Bastida, Diego"]
[Result "1/2-1/2"]
[WhiteElo "2308"]
[BlackElo "2409"]
[PlyCount "43"]
[EventDate "2003.09.15"]
[EventType "tourn"]
[EventRounds "9"]
[EventCountry "ESP"]
[EventCategory "4"]
[SourceTitle "EXT 2004"]
[Source "ChessBase"]
[SourceDate "2003.11.25"]
[SourceVersion "1"]
[SourceVersionDate "2003.11.25"]
[SourceQuality "1"]

1. d4 Nf6 2. Bg5 Ne4 3. Bf4 c5 4. f3 Qa5+ 5. c3 Nf6 6. Nd2 cxd4 7. Nb3 Qd8 8. cxd4 d5 9. e3 e6 10. Bd3 Bb4+ 11. Nd2 Nc6 12. Nh3 Be7 13. Bg3 Qb6 14. Qb3 Bb4 15. Ke2 Qa5 16. Rhd1 Nh5 17. f4 Nxg3+ 18. hxg3 Bd7 19. a3 Be7 20. Nf2 Qb6 21. Rdc1 h5 22. Rc3 1/2-1/2

[Event "Medina del Campo op"]
[Site "Medina del Campo"]
[Date "2001.??.??"]
[Round "5"]
[White "Santos Santos, Pablo"]
[Black "Damaso, Rui"]
[Result "1-0"]
[WhiteElo "2256"]
[BlackElo "2414"]
[PlyCount "96"]
[EventDate "2001.10.30"]
[EventType "swiss"]
[EventRounds "9"]
[EventCountry "ESP"]
[SourceTitle "EXT 2003"]
[Source "ChessBase"]
[SourceDate "2002.11.25"]
[SourceVersion "1"]
[SourceVersionDate "2002.11.25"]
[SourceQuality "1"]

1. d4 Nf6 2. c4 g6 3. Nc3 Bg7 4. e4 d6 5. Nf3 0-0 6. Be2 e5 7. 0-0 Nc6 8. d5 Ne7 9. b4 Nh5 10. Re1 Kh8 11. Nd2 Nf4 12. Bf1 Ng8 13. c5 Qg5 14. Kh1 Nf6 15. f3 N6h5 16. Nc4 Qh4 17. Ne2 Nd3 18. Qxd3 Qxe1 19. Bb2 Qxb4 20. Ba3 Qa4 21. cxd6 b5 22. Nb2 Qa5 23. dxc7 b4 24. Nc4 Qc5 25. Bb2 Ba6 26. Rc1 Qxc7 27. Qb3 Qe7 28. Na5 Qh4 29. g3 Qg5 30. Nc6 f5 31. Nxe5 Bxe2 32. Bxe2 f4 33. g4 Ng3+ 34. hxg3 fxg3 35. Kg2 Bxe5 36. d6 Qf6 37. g5 Qxd6 38. Rd1 Qc5 39. Bxe5+ Qxe5 40. Rd5 Qc3 41. Rd7 Rad8 42. Rxd8 Rxd8 43. Qf7 Qg7 44. Qe6 Rf8 45. Kxg3 h6 46. gxh6 Qxh6 47. Qe5+ Qg7 48. Qe6 Qf6 1-0

[Event "Medina del Campo op"]
[Site "Medina del Campo"]
[Date "2001.??.??"]
[Round "8"]
[White "Santos Santos, Pablo"]
[Black "Morales, Jhon Alexander"]
[Result "1/2-1/2"]
[WhiteElo "2256"]
[BlackElo "2350"]
[PlyCount "27"]
[EventDate "2001.10.30"]
[EventType "swiss"]
[EventRounds "9"]
[EventCountry "ESP"]
[SourceTitle "EXT 2003"]
[Source "ChessBase"]
[SourceDate "2002.11.25"]
[SourceVersion "1"]
[SourceVersionDate "2002.11.25"]
[SourceQuality "1"]

1. d4 Nf6 2. c4 e6 3. Nf3 d5 4. g3 Be7 5. Bg2 0-0 6. 0-0 c6 7. Qc2 Nbd7 8. Nbd2 b6 9. e4 Nxe4 10. Nxe4 dxe4 11. Qxe4 Bb7 12. Bf4 Nf6 13. Qe2 c5 14. Rfd1 1/2-1/2

[Event "Medina del Campo op"]
[Site "Medina del Campo"]
[Date "2001.??.??"]
[Round "2"]
[White "Veganzonez Rojo, David"]
[Black "Santos Santos, Pablo"]
[Result "1/2-1/2"]
[WhiteElo "2057"]
[BlackElo "2256"]
[PlyCount "73"]
[EventDate "2001.10.30"]
[EventType "swiss"]
[EventRounds "9"]
[EventCountry "ESP"]
[SourceTitle "EXT 2003"]
[Source "ChessBase"]
[SourceDate "2002.11.25"]
[SourceVersion "1"]
[SourceVersionDate "2002.11.25"]
[SourceQuality "1"]

1. d4 Nf6 2. Bg5 e6 3. e4 h6 4. Bxf6 Qxf6 5. c3 d6 6. Bd3 g5 7. Ne2 Nd7 8. Nd2 e5 9. 0-0 Bg7 10. Nc4 Nf8 11. Ne3 Ng6 12. Ng3 Nf4 13. Ngf5 c6 14. g3 Nxd3 15. Qxd3 Bxf5 16. Nxf5 0-0-0 17. d5 c5 18. b4 h5 19. h3 g4 20. h4 cxb4 21. cxb4 Bh6 22. a4 Kb8 23. Ra2 Rc8 24. Rc2 Rxc2 25. Qxc2 Rc8 26. Qb2 Rc4 27. Re1 Rxe4 28. Rxe4 Qxf5 29. Qc2 Bf8 30. Rc4 Qxc2 31. Rxc2 e4 32. Kf1 f5 33. Ke2 Bg7 34. b5 Bd4 35. a5 Bc5 36. Kd1 Kc8 37. Ke2 1/2-1/2

[Event "ESP-ch U20"]
[Site "Mondariz"]
[Date "2000.07.21"]
[Round "6"]
[White "Santos Santos, Pablo"]
[Black "Pinero Fernandez, Xavier"]
[Result "1/2-1/2"]
[WhiteElo "2189"]
[BlackElo "2255"]
[PlyCount "83"]
[EventDate "2000.07.16"]
[EventType "swiss"]
[EventRounds "8"]
[EventCountry "ESP"]
[SourceTitle "EXT 2001"]
[Source "ChessBase"]
[SourceDate "2000.11.22"]
[SourceVersion "1"]
[SourceVersionDate "2000.11.22"]
[SourceQuality "1"]

1. d4 e6 2. c4 Nf6 3. g3 d5 4. Bg2 c6 5. Qc2 Be7 6. Nf3 0-0 7. 0-0 Nbd7 8. Nbd2 b6 9. e4 Ba6 10. b3 Rc8 11. e5 Ne8 12. Bb2 c5 13. a4 Nc7 14. Rac1 Nb8 15. Rfd1 Nc6 16. Bf1 Bb7 17. Bg2 Na6 18. Qb1 Ncb4 19. cxd5 Bxd5 20. Nc4 Qd7 21. dxc5 bxc5 22. Nfd2 Bxg2 23. Kxg2 Qb7+ 24. Kg1 Nd5 25. Bc3 Rb8 26. Qc2 Rfc8 27. Rb1 Nab4 28. Bxb4 cxb4 29. Ne4 Qc6 30. Rbc1 f5 31. exf6 Nxf6 32. Nxf6+ Bxf6 33. Rd6 Qxd6 34. Nxd6 Rxc2 35. Rxc2 Bc3 36. Ne4 Rd8 37. Kf1 Rd1+ 38. Ke2 Re1+ 39. Kd3 Rd1+ 40. Ke2 Re1+ 41. Kd3 Rd1+ 42. Ke2 1/2-1/2

[Event "ESP-ch U20"]
[Site "Mondariz"]
[Date "2000.07.20"]
[Round "5"]
[White "Garcia Roman, Daniel"]
[Black "Santos Santos, Pablo"]
[Result "1/2-1/2"]
[WhiteElo "2271"]
[BlackElo "2189"]
[PlyCount "38"]
[EventDate "2000.07.16"]
[EventType "swiss"]
[EventRounds "8"]
[EventCountry "ESP"]
[SourceTitle "EXT 2001"]
[Source "ChessBase"]
[SourceDate "2000.11.22"]
[SourceVersion "1"]
[SourceVersionDate "2000.11.22"]
[SourceQuality "1"]

1. e4 c5 2. Nf3 Nc6 3. d4 cxd4 4. Nxd4 g6 5. Nc3 Bg7 6. Be3 Nf6 7. Bc4 0-0 8. Bb3 Qa5 9. 0-0 d6 10. h3 Bd7 11. f4 Nxd4 12. Bxd4 Bc6 13. Qe1 Qb4 14. Rd1 Nxe4 15. Bxg7 Kxg7 16. Nd5 Qc5+ 17. Kh2 Nf6 18. Nc7 Bxg2 19. Qxe7 Bxh3 1/2-1/2